000
00291nam a22001217a 4500
040
_c
HS
082
_a
333 LAC 1982 C086
100
_a
P. LACONTE
245
_a
Water resources and land-use planning : a systems approach
260
_a
Lodon
_b
P. LACONTE
_c
1982
300
_a
470p;
942
_c
EK
999
_c
11076
_d
11076